El taller de la risa: guía práctica para organizar un taller de risoterapia

Salvato in:
Dettagli Bibliografici
Autore principale: Castellví, Enric (Autore)
Natura: Libro
Lingua:spagnolo
Pubblicazione: Barcelona Alba 2010
Edizione:3a. ed
Soggetti:
Tags: Aggiungi Tag
Nessun Tag, puoi essere il primo ad aggiungerne!!

MARC

LEADER 00000cam a2200000 a 4500
001 UCF1744
003 CL-VaPUC
008 120723e20101100SP |||||||||||||||||spa|d
020 |a 9788484283515 
082 0 4 |a 152.43  |b CAS  |2 21 
100 0 |a Castellví, Enric  |e author  |9 563238 
245 1 3 |a El taller de la risa: guía práctica para organizar un taller de risoterapia 
250 |a 3a. ed 
300 |a 167 p 
942 |c BK 
945 |d 20120723 00:00:00  |a dcastane 
260 |a Barcelona  |b Alba  |c 2010 
650 7 |a RISA  |2 CL-VaPUC  |9 334753 
650 7 |a HUMOR  |2 CL-VaPUC  |9 337105 
650 7 |a TERAPIA GRUPAL  |2 CL-VaPUC  |9 563239 
583 |a last modification  |c 20140123 04:07:09  |k Rodrigo Vera 
999 |c 348432  |d 348430 
952 |0 0  |1 0  |4 0  |6 152_430000000000000_CAS_2010  |7 0  |8 A  |9 450434  |a BIBING  |b BIBING  |d 2019-11-22  |i 4883918  |o 152.43 CAS 2010  |p 4883918  |r 2025-01-20  |w 2019-11-22  |y BK  |k CUI